Tilsimi parindah (cheni lock kahaniyan) (Urdu) (Record no. 80250)
[ view plain ]
| 000 -LEADER | |
|---|---|
| fixed length control field | 00440nam a2200169Ia 4500 |
| 001 - CONTROL NUMBER | |
| control field | 69771 |
| 008 - FIXED-LENGTH DATA ELEMENTS--GENERAL INFORMATION | |
| fixed length control field | 151205s9999||||xx |||||||||||||| ||und|| |
| 020 ## - INTERNATIONAL STANDARD BOOK NUMBER | |
| International Standard Book Number | NA |
| 040 ## - CATALOGING SOURCE | |
| Transcribing agency | PK-LaUMT |
| 082 ## - DEWEY DECIMAL CLASSIFICATION NUMBER | |
| Classification number | 891.4393 |
| Item number | TIL- |
| 100 ## - MAIN ENTRY--PERSONAL NAME | |
| Personal name | Behjat Shabir |
| 245 ## - TITLE STATEMENT | |
| Title | Tilsimi parindah (cheni lock kahaniyan) (Urdu) |
| Statement of responsibility, etc | Behjat Shabir |
| 260 ## - PUBLICATION, DISTRIBUTION, ETC. (IMPRINT) | |
| Place of publication, distribution, etc | Islamabad,Pakistan: |
| Name of publisher, distributor, etc | Academy Adabiyat Pakistan, |
| Date of publication, distribution, etc | 1988 |
| 300 ## - PHYSICAL DESCRIPTION | |
| Extent | 121 p. |
| 546 ## - LANGUAGE NOTE | |
| Language note | UR |
| 942 ## - ADDED ENTRY ELEMENTS (KOHA) | |
| Koha item type | Books |
| Withdrawn status | Lost status | Damaged status | Not for loan | Home library | Current library | Date acquired | Total Checkouts | Full call number | Barcode | Date last seen | Date checked out | Price effective from | Koha item type |
|---|---|---|---|---|---|---|---|---|---|---|---|---|---|
| UMT Main Campus | UMT Main Campus | 2015-12-04 | 2 | 891.4393 TIL- | 93064 | 2023-04-05 | 2023-03-07 | 2015-12-05 | Books |
